000 00807nam a2200217Ii 4500
003 JO-AjNU
008 230605s9999||||xx |||||||||||||| ||und||
017 _a2018/6/2692
040 _aJO-AjNU
_bara
_erda
_cJO-AjNU
041 _aara
050 1 4 _aHV379.B36.2018
100 3 _aبني هاني،عبدالرزاق,
_eauthor
_959559
245 0 0 _aنظرية الانحباس وتنمية اللاتنمية=Entrapment Theory and the Development of Un-development
250 _aالطبعة الاولى
264 3 1 _aعمان: جامعة جرش 2018
300 _a140ص
_b ويحتوي على قائمة مراجع من ص139ص- 140
336 _atext
_btxt
_2rdacontent
337 _aunmediated
_bn
_2rdamedia
338 _avolume
_bnc
_2rdacarrier
650 4 _aالاقتصاد -التنمية
_959560
999 _aA26808
_c30376
_d30376